Southville International School and Colleges
Your cart is empty.
  • Cart
  • Lists
    Public lists Eva Luna New books Lux_list list_1
    Your lists Log in to create your own lists
  • Log in to your account
  • Your cookies
  • Search history
Southville International School and Colleges
  • Advanced search
  • Recent comments
  • Most popular
  • Libraries

Log in to your account

Log in with GOOGLE


If you do not have an external account, but do have a local account, you can still log in:

  1. Home
  2. MARC view: The broadband explosion :
Normal view MARC view ISBD view

The broadband explosion : (Record no. 339569)

[ view plain ]
MARC details
000 -LEADER
fixed length control field 00804nam a2200277Ia 4500
008 - FIXED-LENGTH DATA ELEMENTS--GENERAL INFORMATION
fixed length control field 170711s9999 xx 000 0 und d
020 ## - INTERNATIONAL STANDARD BOOK NUMBER
International Standard Book Number 1591396700
050 ## - LIBRARY OF CONGRESS CALL NUMBER
Classification number 384.33
050 ## - LIBRARY OF CONGRESS CALL NUMBER
Item number B863 2005
245 #4 - TITLE STATEMENT
Title The broadband explosion :
245 ## - TITLE STATEMENT
Remainder of title leading thinkers on the promise of a truly interactive world /
245 ## - TITLE STATEMENT
Statement of responsibility, etc edited by Robert Austin and Stephen P. Bradley.
260 ## - PUBLICATION, DISTRIBUTION, ETC. (IMPRINT)
Place of publication, distribution, etc USA :
260 ## - PUBLICATION, DISTRIBUTION, ETC. (IMPRINT)
Name of publisher, distributor, etc Harvard School Press,
260 ## - PUBLICATION, DISTRIBUTION, ETC. (IMPRINT)
Date of publication, distribution, etc 2005
300 ## - PHYSICAL DESCRIPTION
Extent xii, 371 pages :
300 ## - PHYSICAL DESCRIPTION
Other physical details illustrations ;
300 ## - PHYSICAL DESCRIPTION
Dimensions 24cm.
500 ## - GENERAL NOTE
General note Includes index.
650 ## - SUBJECT ADDED ENTRY--TOPICAL TERM
Topical term or geographic name as entry element Broadband communication system.
650 ## - SUBJECT ADDED ENTRY--TOPICAL TERM
Topical term or geographic name as entry element Internet industry.
650 ## - SUBJECT ADDED ENTRY--TOPICAL TERM
Topical term or geographic name as entry element Telecommunication --
650 ## - SUBJECT ADDED ENTRY--TOPICAL TERM
General subdivision Technological innovations.
700 ## - ADDED ENTRY--PERSONAL NAME
Personal name Austin, Robert D.
700 ## - ADDED ENTRY--PERSONAL NAME
Personal name Bradley, Stephen P.

No items available.

The broadband explosion :

APA

Austin R. D., Bradley S. P., .The broadband explosion. USA: .

Chicago

Austin Robert D, Bradley Stephen P, .The broadband explosion. USA: .

Harvard

Austin R. D., Bradley S. P., .The broadband explosion. USA: .

MLA

Austin Robert D, Bradley Stephen P, .USA: . .

  • Print
  • Cite
  • Add to your cart (remove)
  • Save record
    BIBTEX Dublin Core MARCXML MARC (non-Unicode/MARC-8) MARC (Unicode/UTF-8) MARC (Unicode/UTF-8, Standard) MODS (XML) RIS
  • More searches
    Search for this title in:
    Other Libraries (WorldCat) Other Databases (Google Scholar) Online Stores (Bookfinder.com) Open Library (openlibrary.org)

Exporting to Dublin Core...

SOUTHVILLE LIBRARY

Southville International School and Colleges Library

1281 Tropical Ave. Cor. Luxembourg St., BF Homes International, Las Pinas City

Tel. No. 8256374 / 252358 Loc. 117/146

Powered by Koha